| 000 | 00531cam a22001931 4500 | ||
|---|---|---|---|
| 001 | af 47000840 | ||
| 003 | DLC | ||
| 005 | 20260227110805.0 | ||
| 008 | 890609s1944 ne 000 1 dut c | ||
| 010 | _aaf 47000840 | ||
| 035 | _a(OCoLC)19843311 | ||
| 040 |
_aNew York. Public library _cCU _dDLC |
||
| 042 | _apremarc | ||
| 050 | 0 | 0 |
_aPT5858.M45 _bB4 |
| 100 | 1 | _aMeijer, Bertus. | |
| 245 | 1 | 0 |
_aBedreigde stad, _croman door Bertus Meijer. |
| 260 |
_aAmsterdam, _bN.v. Uitgevers maatschappij ENUM _c[1944] |
||
| 300 |
_a300 p. _c20 cm. |
||
| 999 |
_c979 _d979 |
||